000 00391 a2200157 4500
001 182874
020 _a
040 _cMagnum
100 _aInstituto Camões
240 1 0 _aCamões: revista de letras e culturas lusofónas
_lpor
245 1 0 _aCamões: revista de letras e culturas lusofónas
300 _a230
362 0 _a1998
697 _aLITERATURA GERAL ESTRANGEIRA
942 _cBK
999 _c182874
_d182874